Sonidos de vehiculos! : 10 sonidos divertidos (Record no. 24745)
[ view plain ]
| 000 -LEADER | |
|---|---|
| fixed length control field | 00489 a2200181 4500 |
| 003 - CONTROL NUMBER IDENTIFIER | |
| control field | sjds |
| 005 - DATE AND TIME OF LATEST TRANSACTION | |
| control field | 20240229142539.0 |
| 008 - FIXED-LENGTH DATA ELEMENTS--GENERAL INFORMATION | |
| fixed length control field | 240229b |||||||| |||| 00| 0 spa d |
| 020 ## - INTERNATIONAL STANDARD BOOK NUMBER | |
| International Standard Book Number | 9781472376435 (Board) |
| 020 ## - INTERNATIONAL STANDARD BOOK NUMBER | |
| International Standard Book Number | 1472376439 (Board) |
| 040 ## - CATALOGING SOURCE | |
| Transcribing agency | sjds |
| 041 ## - LANGUAGE CODE | |
| Language code of text/sound track or separate title | spa |
| 245 ## - TITLE STATEMENT | |
| Title | Sonidos de vehiculos! : 10 sonidos divertidos |
| 260 ## - PUBLICATION, DISTRIBUTION, ETC. (IMPRINT) | |
| Name of publisher, distributor, etc. | Parragon Books, |
| Date of publication, distribution, etc. | [2015] |
| 300 ## - PHYSICAL DESCRIPTION | |
| Extent | 6 board pages |
| Dimensions | 29 cm |
| 500 ## - GENERAL NOTE | |
| General note | Includes buttons with matching vehicle sounds |
| 942 ## - ADDED ENTRY ELEMENTS (KOHA) | |
| Koha item type | Libro/Book |
| Withdrawn status | Lost status | Damaged status | Not for loan | Home library | Current library | Date acquired | Total Checkouts | Full call number | Barcode | Date last seen | Date checked out | Price effective from | Koha item type | Inventory number | Checked out |
|---|---|---|---|---|---|---|---|---|---|---|---|---|---|---|---|
| Capulin -- Satellite | Capulin -- Satellite | 13/08/2020 | JI | 35102008 | 13/08/2020 | 13/08/2020 | Libro/Book | ||||||||
| Genizero -- Satellite | Genizero -- Satellite | 15/08/2020 | 1 | JI | 35602009 | 05/01/2023 | 25/08/2021 | 15/08/2020 | Libro/Book | Inventory date: 7/7/25 | |||||
| Las Brisas 1 -- Satellite | Las Brisas 1 -- Satellite | 10/08/2020 | JI | 40002219 | 10/08/2020 | 10/08/2020 | Libro/Book | ||||||||
| Las Brisas 2 -- Satellite | Las Brisas 2 -- Satellite | 10/08/2020 | JI | 40102248 | 10/08/2020 | 10/08/2020 | Libro/Book | ||||||||
| Monte Cristo -- Satellite | Monte Cristo -- Satellite | 26/08/2020 | JI | 40202219 | 26/08/2020 | 26/08/2020 | Libro/Book | ||||||||
| San Juan Del Sur -- Mobile | San Juan Del Sur -- Biblioteca | 31/08/2020 | 1 | JI | 33015867 | 24/02/2022 | 24/02/2022 | 31/08/2020 | Libro/Book | Checked out from 2022- Feb 2025 | 31/03/2022 | ||||
| San Juan Del Sur -- Mobile | Sapoa | 31/08/2020 | 2 | JI | 33015862 | 11/08/2022 | 11/08/2022 | 31/08/2020 | Libro/Book | 15/09/2022 | |||||
| Sevadilla -- Satellite | Sevadilla | 28/07/2020 | 1 | JI | 35401957 | 11/10/2024 | 02/09/2024 | 28/07/2020 | Libro/Book | ||||||
| Zaragoza -- Satellite | Zaragoza -- Satellite | 30/07/2020 | JI | 35501960 | 30/07/2020 | 30/07/2020 | Libro/Book |